000 00896cam a2200277 a 4500
008 130328s1984 fr 001 0 fre
020 _a2857071256
020 _a978-2857071259
040 _aEG-GiCUC
_bfre
_cEG-GiCUC
082 0 0 _a851.1
_219
092 0 4 _a851.1
_bD192s
_221
099 _a04
_a851.1 D192s
100 1 _aLallement, Louis,
_d1907-
245 1 3 _aLe sens symbolique de la divine comédie
_bI. Enfer /
_cLouis Lallement.
260 _aParis :
_bGuy Tredaniel, Editions de la Maisnie,
_cc1984.
300 _a189 p. ;
_c20 cm.
500 _aIncludes index.
600 0 0 _aDante Alighieri,
_d1265-1321.
_tDivina commedia.
600 0 0 _aDante Alighieri,
_d1265-1321.
_tParadiso.
600 0 0 _aDante Alighieri,
_d1265-1321.
_tSymbolism.
902 _a1
905 _aEman
_eRev.
905 _aJamal
_eCat.
942 _2ddc
_cBK
999 _c128934
_d128934